| 000 | 01063nam a2200229Ia 4500 | ||
|---|---|---|---|
| 001 | IA_The owners of the company are working in the business and organizational strategies proposed. They are setting goals and changing de business gestion. Until now they have increased yields, gone down the costs and reduced the looses in process from 26% to 18%. | ||
| 002 | PROPUESTA DE DESARROLLO PARA LA PROCESADORA DE AMA | ||
| 008 | 220117s xx 000 0 und d | ||
| 010 | _a182324 | ||
| 530 | _aDisponible en PDF | ||
| 650 |
_aAmaranth grain _9147461 |
||
| 650 |
_aAmaranth grain products _9148469 |
||
| 650 |
_aFood processing plants _9148748 |
||
| 650 |
_aGrano de amaranto _9147464 |
||
| 650 |
_aPlantas procesadoras de alimentos _9148749 |
||
| 650 |
_aProductos de grano de amaranto _9148472 |
||
| 700 |
_aAltamirano Cárdenas, J. Reyes, asesor _9163663 |
||
| 700 |
_aCovarrubias Gutiérrez, Ignacio, asesor _9163664 |
||
| 700 | 1 |
_aSantoyo Cortés, Vinicio Horacio _9147239 |
|
| 942 | _cTESIS M35 2016 | ||
| 999 |
_c182324 _d182324 |
||